Martres-Tolosane - Choix multiples - Statistiques

Statistiques générales
  • Ce quiz a été pris 14 fois
  • Le résultat moyen est 6 sur 10
Statistiques - réponses
Question Réponse % Correct
Quel fleuve ou rivière passe dans la commune de Martres-Tolosane ? La Garonne
79%
Quel salon accueille une centaine de créateurs et plus de 15 000 visiteurs chaque année pour la Toussaint ? Le Salon des Arts et du Feu
79%
Quel label est attribué à la commune ? Les trois propositions ci-dessus
79%
Martres-Tolosane est connue pour un art particulier depuis plus de deux siècles. Mais lequel ? La faïencerie
64%
Sur le plan historique et culturel, la commune fait partie de quelle région naturelle ? Le Comminges
64%
Quelle photo représente la commune de Martres-Tolosane ?
50%
Quel est le nom de l'église, nom similaire du lac ou encore d'une certaine bataille locale ? Saint-Vidian
50%
Quelle personnalité politique était maire de cette commune ? Carole Delga
43%
A quelle sous-préfecture la commune est-elle rattachée ? Muret
43%
Comment s'appelle la villa, qui est considérée comme une des plus importantes d'Europe, et qui fut érigée sous l'Empire romain ? La villa romaine de Chiragan
36%
Aucun quiz correspondant
Distribution des résultats
% des personnes avec chaque résultat
Percentile par nombre de réponses
Votre historique - résultats
Vous n’avez pas pris ce quiz